Las Consecuencias perversas de la modernidad /
Guardat en:
| Autor principal: | |
|---|---|
| Altres autors: | |
| Format: | Text |
| Idioma: | Spanish |
| Publicat: |
Barcelona:
Anthropos
|
| Matèries: | |
| Etiquetes: |
Afegir etiqueta
Sense etiquetes, Sigues el primer a etiquetar aquest registre!
|
MARC
| LEADER | 00000 a a2200000 04500 | ||
|---|---|---|---|
| 001 | 33029 | ||
| 003 | cru CIDCACS/IIS | ||
| 005 | 20200127150201.0 | ||
| 008 | 200127b ||||| |||| 00| 0 spa d | ||
| 999 | |c 9001 |d 9001 | ||
| 040 | |c cru CIDCACS/IIS | ||
| 090 | |a 20491.00 | ||
| 100 | |a Giddens, Anthony | ||
| 245 | |a Las Consecuencias perversas de la modernidad / |c Anthony Giddens | ||
| 260 | |a Barcelona: |b Anthropos | ||
| 300 | |a 283 p. | ||
| 650 | |a MODERNIDAD | ||
| 650 | |a SOCIEDAD INDUSTRIAL | ||
| 650 | |a SECULARIZACION | ||
| 650 | |a CAMBIO SOCIAL | ||
| 650 | |a SOCIOLOGIA | ||
| 700 | |a Bauman, Zygmunt |a Luhmann, Niklas |a Beck, Ulrich |a Beriain, Josetxo |a comp. | ||
| 942 | |2 ddc |c LI | ||
